Statistics for NBA Summer League MVP's

Click here to take the quiz!

General Stats

  • This quiz has been taken 10 times
  • The average score is 4 of 18

Answer Stats

YearTeamPlayer% Correct
2023Houston RocketsCam Whitmore
50%
2012Memphis GrizzliesDamian Lillard
50%
2010Washington WizardsJohn Wall
50%
2017Los Angeles LakersLonzo Ball
50%
2009Los Angeles ClippersBlake Griffin
38%
2019Memphis GrizzliesBrandon Clarke
38%
2022Sacramento KingsKeegan Murray
38%
2018Los Angeles LakersJosh Hart
25%
2016Minnesota TimberwolvesTyus Jones
25%
2021Brooklyn NetsCameron Thomas
13%
2013Toronto RaptorsJonas Valančiūnas
13%
2015San Antonio SpursKyle Anderson
13%
2007New York KnicksNate Robinson
13%
2021Sacramento KingsDavion Mitchell
0%
2014Washington WizardsGlen Rice Jr.
0%
2008Portland Trail BlazersJerryd Bayless
0%
2012Portland Trail BlazersJosh Selby
0%
2006Minnesota TimberwolvesRandy Foye
0%

Score Distribution

Percentile by Number Answered

Percent of People with Each Score

Your Score History

You have not taken this quiz